|
|
|
|
| LEADER |
00000nab a2200000 a 4500 |
| 001 |
vtls008934347 |
| 003 |
SK-MaSNL |
| 005 |
20260305001004.0 |
| 008 |
060206 19770204xo d 000 0 slo |
| 015 |
|
|
|a SNBRB1977
|
| 040 |
|
|
|a SNKBUCL
|b slo
|c SNKBUCL
|e AACR2
|
| 041 |
0 |
|
|a slo
|
| 044 |
|
|
|a xo
|c SK
|
| 080 |
|
|
|a 821.162.4-1
|2 2001
|
| 100 |
1 |
|
|a Feldek, Ľubomír,
|d 1936-
|4 aut
|9 89477
|
| 245 |
1 |
0 |
|a Návrat k počiatkom
|b zamyslenie nad novou básnickou zbierkou Miroslava Válka
|c Ľubomír Feldek
|
| 650 |
0 |
7 |
|a slovenská poézia
|2 snkbucl
|9 215422
|
| 655 |
|
7 |
|a recenzie
|2 snkbucl
|9 21907
|
| 773 |
0 |
|
|t Večerník
|g 4. 2. 1977, s. 6
|
| 787 |
0 |
8 |
|i Rec.:
|a Válek, Miroslav, 1927-1991
|t Slovo
|d Bratislava : Smena, 1976
|
| 958 |
|
|
|a RC
|
| 958 |
|
|
|a LX
|
| 999 |
|
|
|c 3216761
|d 3218691
|